00477 a2200169 450000500170000001000150001702000260003203500140005803700160007208200110008810000180009924500600011725000090017726000390018627000630022530000190028820240301112127.0 aENG-130238 c750.00a9788180387975 aEN-113770 bDBAD / PUB a345.01 aSapre Akshay  aThe Advocates Act,1961/ cJernail Singh AnandhEnglish  a2012 aDLF Cyber CitybLexis Nexis c2012 bHaryana e122002a14th floor , Building No. 10 , Tower -B  a551p;c25(pbk)